| 000 | 00665nam a2200229Ia 4500 | ||
|---|---|---|---|
| 003 | OSt | ||
| 005 | 20230620122226.0 | ||
| 008 | 210423s2014 xx 000 0 und d | ||
| 020 | _a978-81-921355-7-1 | ||
| 040 | _cAL | ||
| 041 | _aeng | ||
| 082 |
_a302.234 _223 _b TRIE |
||
| 100 |
_aTRIPATHI (Ramji) _9108360 |
||
| 245 | _aElectronic media: radio television and new media | ||
| 260 |
_aBhopal _bMakhanlal Chaturvedi National University _c2014 |
||
| 300 |
_a288 _bPB |
||
| 365 |
_b300 _cINR |
||
| 650 |
_aCommunication _9108361 |
||
| 650 |
_aSocial Interaction _9108362 |
||
| 906 | _aElectronic ; media ; media: ; new ; radio ; television | ||
| 942 |
_2ddc _cBK |
||
| 999 |
_c166721 _d166721 |
||